[Event "BEL-ch U16"]
[Site "Blankenberge"]
[Date "2015.04.17"]
[Round "8"]
[White "Lauwereys, Lee"]
[Black "Vanhercke, Nathan"]
[Result "1-0"]
[WhiteElo "1272"]
[BlackElo "1155"]
[PlyCount "57"]
[EventDate "2015.04.12"]
[EventType "swiss"]
[EventRounds "9"]
[EventCountry "BEL"]
[SourceTitle "CBM 166 Extra"]
[Source "ChessBase"]
[SourceDate "2015.06.18"]
[SourceVersion "1"]
[SourceVersionDate "2015.06.18"]
[SourceQuality "1"]

1. d4 Nf6 2. c4 e6 3. Nc3 b6 4. Bg5 Bb7 5. Nf3 Be7 6. e3 0-0 7. Bd3 d5 8. 0-0 Na6 9. a3 c5 10. Ne5 Ne4 11. Bxe7 Qxe7 12. Qe2 Nxc3 13. bxc3 Qg5 14. cxd5 exd5 15. Bxa6 Bxa6 16. Qxa6 cxd4 17. cxd4 f6 18. Nf3 Qf5 19. Rac1 Qd7 20. Qd3 a5 21. Qb3 b5 22. Rc5 Rfb8 23. Rxd5 Qf7 24. Rb1 Rb7 25. Rxb5 Qxb3 26. R1xb3 Rxb5 27. Rxb5 Kf7 28. Kf1 Ke6 29. Rb7 1-0

[Event "BEL-ch U16"]
[Site "Blankenberge"]
[Date "2015.04.16"]
[Round "7"]
[White "Debouver, Torben"]
[Black "Lauwereys, Lee"]
[Result "1-0"]
[WhiteElo "1388"]
[BlackElo "1272"]
[PlyCount "83"]
[EventDate "2015.04.12"]
[EventType "swiss"]
[EventRounds "9"]
[EventCountry "BEL"]
[SourceTitle "CBM 166 Extra"]
[Source "ChessBase"]
[SourceDate "2015.06.18"]
[SourceVersion "1"]
[SourceVersionDate "2015.06.18"]
[SourceQuality "1"]

1. d4 d5 2. Bf4 Nf6 3. e3 e6 4. Nf3 Nbd7 5. Bd3 Bb4+ 6. c3 Ba5 7. Nbd2 0-0 8. Qc2 c5 9. b3 a6 10. Be5 Kh8 11. Bd6 Re8 12. Bxc5 Nxc5 13. dxc5 e5 14. e4 dxe4 15. Nxe4 Bf5 16. 0-0-0 Qe7 17. b4 Bc7 18. Nd6 Bxd3 19. Rxd3 e4 20. Re3 Bxd6 21. cxd6 Qxd6 22. Rd1 Qf4 23. Rd4 Nd5 24. Rxd5 exf3 25. Qd2 Qxh2 26. Rxf3 Qh1+ 27. Kb2 Qxg2 28. Rxf7 Qg4 29. Rg5 Qc4 30. Rgf5 h6 31. Rf4 Qb5 32. Kb3 Re2 33. Qd4 Rg8 34. Rg4 Rb2+ 35. Kxb2 Qe2+ 36. Ka3 Qc2 37. Rgxg7 Qc1+ 38. Ka4 Qc2+ 39. Ka5 Qxa2+ 40. Kb6 Qe6+ 41. Ka7 Ra8+ 42. Kxa8 1-0

[Event "BEL-ch U16"]
[Site "Blankenberge"]
[Date "2015.04.13"]
[Round "3"]
[White "Condes Alexie, Sheen"]
[Black "Lauwereys, Lee"]
[Result "1/2-1/2"]
[WhiteElo "991"]
[BlackElo "1272"]
[PlyCount "95"]
[EventDate "2015.04.12"]
[EventType "swiss"]
[EventRounds "9"]
[EventCountry "BEL"]
[SourceTitle "CBM 166 Extra"]
[Source "ChessBase"]
[SourceDate "2015.06.18"]
[SourceVersion "1"]
[SourceVersionDate "2015.06.18"]
[SourceQuality "1"]

1. e4 c5 2. Nf3 Nc6 3. Nc3 d6 4. g3 g6 5. Bg2 Bg7 6. 0-0 Nf6 7. d3 0-0 8. Be3 Bg4 9. h3 Bd7 10. Qd2 Qc7 11. Nb5 Qb6 12. c4 a6 13. Nc3 Nd4 14. Rab1 a5 15. Kh2 Nc6 16. b3 Qb4 17. Rfd1 Ng4+ 18. hxg4 Bxc3 19. Qc1 Bxg4 20. Bd2 Bxd2 21. Qxd2 Nd4 22. Qf4 Nxf3+ 23. Bxf3 Bxf3 24. Qxf3 Qc3 25. Qe2 Qd4 26. Qb2 Qxb2 27. Rxb2 f5 28. f3 Kg7 29. Re2 Rf7 30. Kg2 e6 31. Rf1 Raf8 32. e5 Rd7 33. f4 b6 34. Rf3 Re8 35. Kf1 a4 36. Ke1 Kf7 37. Kd2 Red8 38. Kc3 axb3 39. axb3 Rh8 40. Rfe3 h5 41. Rh2 dxe5 42. fxe5 Rd4 43. b4 h4 44. Rf3 hxg3 45. Rxh8 g2 46. Rfh3 g5 47. R3h7+ Kg6 48. Rh6+ 1/2-1/2

[Event "BEL-ch U16"]
[Site "Blankenberge"]
[Date "2015.04.12"]
[Round "1"]
[White "Huygebaert, Batist"]
[Black "Lauwereys, Lee"]
[Result "1-0"]
[WhiteElo "1685"]
[BlackElo "1272"]
[PlyCount "71"]
[EventDate "2015.04.12"]
[EventType "swiss"]
[EventRounds "9"]
[EventCountry "BEL"]
[SourceTitle "CBM 166 Extra"]
[Source "ChessBase"]
[SourceDate "2015.06.18"]
[SourceVersion "1"]
[SourceVersionDate "2015.06.18"]
[SourceQuality "1"]

1. e4 c5 2. c3 Nc6 3. d4 cxd4 4. cxd4 d6 5. Nc3 e6 6. Be3 Nf6 7. Nf3 Be7 8. h3 0-0 9. Be2 a6 10. 0-0 b5 11. a3 Bb7 12. Rc1 Rc8 13. Nd2 Re8 14. f4 Na5 15. Bd3 Nc6 16. e5 dxe5 17. fxe5 Nxe5 18. Bxh7+ Nxh7 19. dxe5 Qc7 20. Nf3 Red8 21. Qe2 Bxf3 22. Qxf3 Ng5 23. Qg3 Nh7 24. Ne4 Qb8 25. Bh6 Bf8 26. Rxc8 Rxc8 27. Be3 Be7 28. Qf4 Rf8 29. Kh1 Qc7 30. Rc1 Qb8 31. Bc5 Re8 32. Bxe7 Rxe7 33. Nd6 Nf8 34. Qg5 Rc7 35. Rxc7 Nh7 36. Qe7 1-0

[Event "BEL-ch U14"]
[Site "Blankenberge"]
[Date "2014.04.15"]
[Round "4"]
[White "Lauwereys, Lee"]
[Black "Boudry, William"]
[Result "1/2-1/2"]
[WhiteElo "1238"]
[BlackElo "1427"]
[PlyCount "67"]
[EventDate "2014.04.??"]
[EventType "swiss"]
[EventRounds "9"]
[EventCountry "BEL"]
[SourceTitle "EXT 2015"]
[Source "ChessBase"]
[SourceDate "2014.11.20"]
[SourceVersion "1"]
[SourceVersionDate "2014.11.20"]
[SourceQuality "1"]

1. d4 Nf6 2. c4 g6 3. Nc3 Bg7 4. Nf3 0-0 5. Bg5 d6 6. e3 Nbd7 7. Bd3 e5 8. 0-0 Re8 9. d5 h6 10. Bxf6 Nxf6 11. e4 Nd7 12. b4 a5 13. a3 Nf8 14. c5 dxc5 15. bxc5 c6 16. d6 b5 17. Na2 f5 18. Re1 f4 19. h3 g5 20. Qd2 h5 21. Nh2 g4 22. Bf1 Qg5 23. Kh1 Re6 24. g3 Qg6 25. h4 Nd7 26. Rac1 f3 27. Qd3 Ba6 28. Qc2 Ree8 29. Bd3 Qe6 30. Nf1 Rec8 31. Qb2 a4 32. Ne3 Bb7 33. Nf5 Bf8 34. Qd2 1/2-1/2